[Event "BL2-Nord 1213"]
[White "Meyner, Hannes"]
[Black "Bilawer, Andreas"]
[Site "Germany"]
[Round "5.8"]
[Result "1-0"]
[Date "2013.01.13"]
[WhiteElo "2239"]
[BlackElo "2085"]
[PlyCount "85"]
[EventDate "2012.10.14"]
[EventType "team-tourn"]
[EventRounds "9"]
[EventCountry "GER"]
[SourceTitle "CBM 154 Extra"]
[Source "ChessBase"]
[SourceDate "2013.06.25"]
[SourceVersion "2"]
[SourceVersionDate "2013.06.25"]
[SourceQuality "1"]
[WhiteTeam "Kassel"]
[BlackTeam "Loeberitz"]
[WhiteTeamCountry "GER"]
[BlackTeamCountry "GER"]

1. d4 d5 2. c4 c6 3. e3 Nf6 4. Nc3 e6 5. Nf3 Bd6 6. Bd3 Nbd7 7. e4 dxe4 8. Nxe4 Nxe4 9. Bxe4 Qa5+ 10. Bd2 Bb4 11. a3 Bxd2+ 12. Qxd2 Qxd2+ 13. Kxd2 c5 14. Kc3 Nf6 15. Bc2 cxd4+ 16. Nxd4 Bd7 17. Rhe1 0-0 18. b4 Rac8 19. Kb3 Rc7 20. Bd1 Rd8 21. Bf3 Ba4+ 22. Kxa4 Rxd4 23. Rad1 Rxd1 24. Rxd1 Nd7 25. c5 Kf8 26. Kb5 Ke7 27. Bxb7 Rxb7+ 28. Kc6 Nxc5 29. bxc5 Rb2 30. Rd7+ Kf6 31. Rxa7 Rxf2 32. Kd7 e5 33. Ra6+ Kf5 34. Rd6 Ra2 35. c6 Rxa3 36. c7 Ra8 37. Rb6 e4 38. Rb8 Ra7 39. Kd6 Rxc7 40. Kxc7 Kf4 41. Kc6 f5 42. Rb7 g5 43. Rxh7 1-0

[Event "BL2-Nord 1213"]
[White "Holzapfel, Daniel"]
[Black "Bilawer, Andreas"]
[Site "Germany"]
[Round "2.7"]
[Result "1-0"]
[Date "2012.11.11"]
[WhiteElo "2290"]
[BlackElo "2085"]
[PlyCount "49"]
[EventDate "2012.10.14"]
[EventType "team-tourn"]
[EventRounds "9"]
[EventCountry "GER"]
[SourceTitle "CBM 154 Extra"]
[Source "ChessBase"]
[SourceDate "2013.06.25"]
[SourceVersion "2"]
[SourceVersionDate "2013.06.25"]
[SourceQuality "1"]
[WhiteTeam "Berlin Kreuzberg"]
[BlackTeam "Loeberitz"]
[WhiteTeamCountry "GER"]
[BlackTeamCountry "GER"]

1. d4 Nf6 2. Nf3 g6 3. c4 Bg7 4. Nc3 0-0 5. e4 d6 6. Be2 e5 7. 0-0 Nbd7 8. Re1 Qe7 9. Bf1 a5 10. dxe5 dxe5 11. Nd5 Nxd5 12. cxd5 Nc5 13. b3 Bd7 14. Bb2 c6 15. Rc1 Na6 16. d6 Qe8 17. Qd2 Nb8 18. Rc5 b6 19. Rxe5 Bxe5 20. Nxe5 f6 21. Bc4+ Kg7 22. Nf3 Be6 23. e5 f5 24. Ng5 Bxc4 25. e6+ 1-0

[Event "Oberliga Ost-A 1011"]
[White "Greger, Ubald"]
[Black "Bilawer, Andreas"]
[Site "Germany"]
[Round "4.7"]
[Result "1-0"]
[Date "2010.12.12"]
[WhiteElo "2130"]
[BlackElo "2124"]
[PlyCount "47"]
[EventDate "2010.10.24"]
[EventType "team-tourn"]
[EventRounds "11"]
[EventCountry "GER"]
[SourceTitle "EXT 2012"]
[Source "ChessBase"]
[SourceDate "2011.11.24"]
[SourceVersion "1"]
[SourceVersionDate "2011.11.24"]
[SourceQuality "1"]
[WhiteTeam "Leipzig Lok"]
[BlackTeam "Loeberitz"]
[WhiteTeamCountry "GER"]
[BlackTeamCountry "GER"]

1. e4 Nf6 2. d3 e5 3. Nf3 Nc6 4. Be2 d5 5. Nbd2 Bc5 6. c3 0-0 7. 0-0 Bb6 8. b3 a5 9. a3 Bg4 10. Rb1 Qe7 11. h3 Bh5 12. Nh4 Bg6 13. Nxg6 fxg6 14. exd5 Nxd5 15. Ne4 Nf4 16. Bxf4 exf4 17. a4 Rad8 18. Bf3 Ne5 19. d4 c5 20. d5 Bc7 21. Re1 b6 22. c4 Nc6 23. d6 Bxd6 24. Qd5+ 1-0

[Event "Oberliga Ost-A 0910"]
[White "Eidner, Falk"]
[Black "Bilawer, Andreas"]
[Site "Germany"]
[Round "10.7"]
[Result "1-0"]
[Date "2010.04.10"]
[WhiteElo "1986"]
[BlackElo "2122"]
[PlyCount "67"]
[EventDate "2009.10.18"]
[EventType "team-tourn"]
[EventRounds "11"]
[EventCountry "GER"]
[SourceTitle "EXT 2011"]
[Source "ChessBase"]
[SourceDate "2010.11.26"]
[SourceVersion "1"]
[SourceVersionDate "2010.11.26"]
[SourceQuality "1"]
[WhiteTeam "Chemnitz"]
[BlackTeam "Loeberitz"]
[WhiteTeamCountry "GER"]
[BlackTeamCountry "GER"]

1. e4 Nf6 2. e5 Nd5 3. d4 d6 4. Nf3 dxe5 5. Nxe5 Nd7 6. Nf3 g6 7. Bc4 N7b6 8. Bb3 Bg7 9. h3 0-0 10. 0-0 Bf5 11. Re1 a5 12. a3 a4 13. Ba2 Re8 14. Ne5 c6 15. Nd2 Nd7 16. Ndf3 Nxe5 17. Nxe5 h5 18. c3 Rf8 19. Bd2 e6 20. g4 hxg4 21. hxg4 Bxe5 22. Rxe5 f6 23. Re1 Kg7 24. gxf5 Rh8 25. Qf3 Ne7 26. Bxe6 Nxf5 27. Bxf5 gxf5 28. Bf4 Rh4 29. Bg3 Rg4 30. Qxf5 Rg5 31. Qe6 Qh8 32. Kg2 Raa5 33. Qe7+ Kg6 34. Qe8+ 1-0

[Event "Oberliga Ost-A 0809"]
[White "Hentze, Markus"]
[Black "Bilawer, Andreas"]
[Site "Germany"]
[Round "8.7"]
[Result "1/2-1/2"]
[Date "2009.03.01"]
[WhiteElo "1993"]
[BlackElo "2141"]
[PlyCount "96"]
[EventDate "2008.10.12"]
[EventType "team-tourn"]
[EventRounds "11"]
[EventCountry "GER"]
[SourceTitle "EXT 2010"]
[Source "ChessBase"]
[SourceDate "2010.11.25"]
[SourceVersion "1"]
[SourceVersionDate "2010.11.25"]
[SourceQuality "1"]
[WhiteTeam "Leipzig Gohlis II"]
[BlackTeam "Loeberitz"]
[WhiteTeamCountry "GER"]
[BlackTeamCountry "GER"]

1. e4 Nf6 2. Nc3 d5 3. exd5 Nxd5 4. Bc4 e6 5. Qf3 Nb4 6. Bb3 N8c6 7. Nce2 Na5 8. a3 Nxb3 9. Qxb3 Nc6 10. Nf3 e5 11. d3 Bc5 12. Ng3 0-0 13. Bg5 Nd4 14. Nxd4 Qxg5 15. Nf3 Qf4 16. 0-0 Bb6 17. Qd5 c6 18. Qe4 Qxe4 19. dxe4 f6 20. h3 Be6 21. Rfd1 Rad8 22. b3 Ba5 23. Ne2 Kf7 24. c4 Ke7 25. Kf1 c5 26. a4 a6 27. Ne1 Rxd1 28. Rxd1 Rd8 29. Rxd8 Kxd8 30. Nd3 b6 31. Ng3 g6 32. Ke2 Kd7 33. Nf1 Kd6 34. Nc1 Kc6 35. Kd3 b5 36. axb5+ axb5 37. Ne3 bxc4+ 38. bxc4 f5 39. f3 h5 40. Nb3 Bd8 41. Nd5 g5 42. Ne3 f4 43. Nd5 g4 44. hxg4 hxg4 45. Ke2 g3 46. Ke1 Kd6 47. Ke2 Bd7 48. Nc3 Be6 1/2-1/2

[Event "Oberliga Ost-A 0809"]
[White "Leipert, Matthias"]
[Black "Bilawer, Andreas"]
[Site "Germany"]
[Round "7.5"]
[Result "1/2-1/2"]
[Date "2009.02.01"]
[WhiteElo "2110"]
[BlackElo "2141"]
[PlyCount "42"]
[EventDate "2008.10.12"]
[EventType "team-tourn"]
[EventRounds "11"]
[EventCountry "GER"]
[SourceTitle "EXT 2010"]
[Source "ChessBase"]
[SourceDate "2010.11.25"]
[SourceVersion "1"]
[SourceVersionDate "2010.11.25"]
[SourceQuality "1"]
[WhiteTeam "Ebersbach"]
[BlackTeam "Loeberitz"]
[WhiteTeamCountry "GER"]
[BlackTeamCountry "GER"]

1. e4 Nf6 2. Nc3 d5 3. exd5 Nxd5 4. Bc4 Nxc3 5. Qf3 e6 6. Qxc3 Qf6 7. Qxf6 gxf6 8. d4 b6 9. Bb5+ Bd7 10. Bxd7+ Nxd7 11. c4 c5 12. Nf3 cxd4 13. Nxd4 Ne5 14. Nb5 Bb4+ 15. Bd2 Bxd2+ 16. Kxd2 Ke7 17. b3 Rhg8 18. g3 Rgd8+ 19. Ke2 a6 20. Na3 Ra7 21. Rhd1 Rad7 1/2-1/2

[Event "Oberliga Ost-A 0607"]
[White "Bilawer, Andreas"]
[Black "Hoerr, Matthias"]
[Site "Germany"]
[Round "10.7"]
[Result "1/2-1/2"]
[Date "2007.04.21"]
[WhiteElo "2165"]
[BlackElo "2113"]
[PlyCount "131"]
[EventDate "2006.10.15"]
[EventType "team-tourn"]
[EventRounds "11"]
[EventCountry "GER"]
[SourceTitle "EXT 2008"]
[Source "ChessBase"]
[SourceDate "2007.11.25"]
[SourceVersion "1"]
[SourceVersionDate "2007.11.25"]
[SourceQuality "1"]
[WhiteTeam "Loeberitz"]
[BlackTeam "Plauen Koenig"]
[WhiteTeamCountry "GER"]
[BlackTeamCountry "GER"]

1. e4 d6 2. d4 Nf6 3. Nc3 g6 4. Be3 c6 5. Qd2 b5 6. Bd3 Nbd7 7. Nf3 Nb6 8. h3 Bg7 9. Bh6 0-0 10. Bxg7 Kxg7 11. 0-0 a6 12. Rfe1 c5 13. e5 Nfd7 14. e6 fxe6 15. Rxe6 Rxf3 16. gxf3 cxd4 17. Be4 dxc3 18. Qxc3+ Nf6 19. Rxf6 exf6 20. Bxa8 Nxa8 21. Qc6 Nb6 22. Re1 Nc4 23. Re8 Bd7 24. Rxd8 Bxc6 25. b3 Ne5 26. Rxd6 Bb7 27. f4 Nf7 28. Rb6 Bc8 29. c4 bxc4 30. bxc4 g5 31. Rc6 Bxh3 32. Rxa6 gxf4 33. a4 Kg6 34. c5 Bc8 35. Ra8 Bb7 36. Rb8 Be4 37. a5 Ne5 38. a6 Nc6 39. Rb7 Nd4 40. Rc7 Nb5 41. Rb7 Nd4 42. Rb4 Nf3+ 43. Kg2 Bd5 44. a7 Ng5+ 45. Kf1 Ne6 46. c6 Nc7 47. Rb8 Bxc6 48. Rc8 Nb5 49. Rxc6 Nxa7 50. Rc5 f5 51. Kg2 h6 52. Kh3 Kg5 53. f3 h5 54. Kg2 Kg6 55. Kh2 Kf6 56. Kg1 Kg5 57. Kf2 Kg6 58. Ke2 Kg5 59. Kd3 h4 60. Ke2 Kg6 61. Kf2 Kf6 62. Kg2 Kg6 63. Kh3 Kg5 64. Kg2 Kg6 65. Kh3 Kg5 66. Kg2 1/2-1/2

[Event "Oberliga Ost-A 0607"]
[White "Bilawer, Andreas"]
[Black "Klemm, Dietmar"]
[Site "Germany"]
[Round "6.5"]
[Result "0-1"]
[Date "2007.02.24"]
[WhiteElo "2165"]
[BlackElo "2195"]
[PlyCount "90"]
[EventDate "2006.10.15"]
[EventType "team-tourn"]
[EventRounds "11"]
[EventCountry "GER"]
[SourceTitle "EXT 2008"]
[Source "ChessBase"]
[SourceDate "2007.11.25"]
[SourceVersion "1"]
[SourceVersionDate "2007.11.25"]
[SourceQuality "1"]
[WhiteTeam "Loeberitz"]
[BlackTeam "Leipzig Gohlis II"]
[WhiteTeamCountry "GER"]
[BlackTeamCountry "GER"]

1. e4 c5 2. Nf3 Nc6 3. d3 e6 4. g3 Nge7 5. Bg2 d6 6. 0-0 g6 7. Nbd2 Bg7 8. Qe2 0-0 9. Re1 Qc7 10. Nc4 Nd4 11. Nxd4 cxd4 12. e5 dxe5 13. Nxe5 Qc5 14. a4 Nd5 15. a5 Rb8 16. b3 Nc3 17. Qg4 Bxe5 18. Ba3 Qc7 19. Bxf8 Kxf8 20. Qg5 Bg7 21. h4 h6 22. Qd2 Bd7 23. f4 h5 24. Rf1 Bc6 25. Bh3 Nd5 26. Rf2 Qd6 27. Kh2 Bf6 28. Re1 Kg7 29. Qe2 Re8 30. Qf1 Qc5 31. Ra1 Ne3 32. Qe2 Bd7 33. Ra2 Rc8 34. Qd2 Bc6 35. Qe2 Qd5 36. Qe1 Bd7 37. Qb4 Bc6 38. Qe1 Qc5 39. Qd2 Bd5 40. Qe2 Bd8 41. Qd2 a6 42. Qe1 Qc3 43. Qxc3 Rxc3 44. Kg1 Rc5 45. Ra4 Nxc2 0-1

[Event "Oberliga Ost-A 0506"]
[White "Schwenke, Vincent"]
[Black "Bilawer, Andreas"]
[Site "Germany"]
[Round "11.7"]
[Result "0-1"]
[Date "2006.04.02"]
[WhiteElo "1765"]
[BlackElo "2176"]
[PlyCount "88"]
[EventDate "2005.11.13"]
[EventType "team-tourn"]
[EventRounds "11"]
[EventCountry "GER"]
[SourceTitle "EXT 2007"]
[Source "ChessBase"]
[SourceDate "2006.11.23"]
[SourceVersion "1"]
[SourceVersionDate "2006.11.23"]
[SourceQuality "1"]
[WhiteTeam "Magdeburg Aufbau Elbe"]
[BlackTeam "Loeberitz"]
[WhiteTeamCountry "GER"]
[BlackTeamCountry "GER"]

1. e4 Nf6 2. Nc3 d5 3. exd5 Nxd5 4. Nxd5 Qxd5 5. Nf3 Bg4 6. Be2 e5 7. d3 Nc6 8. 0-0 0-0-0 9. a3 f5 10. b4 Be7 11. c4 Qd7 12. b5 Bxf3 13. Bxf3 Nd4 14. Bb2 Nxf3+ 15. Qxf3 Bf6 16. Qe3 Kb8 17. Bxe5 Bxe5 18. Qxe5 Rhe8 19. Qc3 Qxd3 20. Qxd3 Rxd3 21. Rfe1 Rxe1+ 22. Rxe1 a5 23. Kf1 Rxa3 24. Re7 Rc3 25. Rxg7 a4 26. Rd7 a3 27. Rd2 Rc1+ 28. Ke2 Rb1 29. Kf3 Rc1 30. Ra2 Rxc4 31. Rxa3 Rb4 32. Rd3 Rxb5 33. Rd7 h6 34. Rh7 Rd5 35. Rxh6 b5 36. g4 fxg4+ 37. Kxg4 b4 38. Rh3 Rb5 39. Rb3 c5 40. h4 c4 41. Rb1 c3 42. h5 c2 43. Rc1 b3 44. h6 Rb7 0-1

[Event "Oberliga Ost-A 0506"]
[White "Bilawer, Andreas"]
[Black "Goldberg, Alexander"]
[Site "Germany"]
[Round "9.7"]
[Result "1-0"]
[Date "2006.03.12"]
[WhiteElo "2176"]
[BlackElo "2389"]
[PlyCount "73"]
[EventDate "2005.11.13"]
[EventType "team-tourn"]
[EventRounds "11"]
[EventCountry "GER"]
[SourceTitle "EXT 2007"]
[Source "ChessBase"]
[SourceDate "2006.11.23"]
[SourceVersion "1"]
[SourceVersionDate "2006.11.23"]
[SourceQuality "1"]
[WhiteTeam "Loeberitz"]
[BlackTeam "Dresden"]
[WhiteTeamCountry "GER"]
[BlackTeamCountry "GER"]

1. e4 e5 2. Nf3 Nc6 3. Bc4 Nf6 4. d3 Bc5 5. 0-0 0-0 6. Bg5 h6 7. Bh4 d6 8. Bb3 g5 9. Bg3 Bg4 10. h3 Bh5 11. c3 Qe7 12. Re1 a5 13. Nbd2 Bg6 14. Nf1 Nh5 15. Bh2 Nf4 16. Ne3 Bxe3 17. Rxe3 Kg7 18. Bc2 h5 19. d4 g4 20. hxg4 hxg4 21. Nd2 Qh4 22. Rg3 Rh8 23. Nf1 Bh5 24. Ne3 Kf8 25. Nf5 Qf6 26. Kf1 Ne7 27. dxe5 dxe5 28. Qd7 Nxf5 29. exf5 Rd8 30. Qxc7 Rd2 31. Be4 Qh4 32. Qxe5 Qxh2 33. Qxh8+ Ke7 34. Qe5+ Ne6 35. Ke1 Rxb2 36. f6+ Kd7 37. Rd3+ 1-0

[Event "Oberliga Ost-A 0506"]
[White "Bilawer, Andreas"]
[Black "Brauer, Christian E"]
[Site "Germany"]
[Round "8.6"]
[Result "0-1"]
[Date "2006.02.19"]
[WhiteElo "2176"]
[BlackElo "2144"]
[PlyCount "48"]
[EventDate "2005.11.13"]
[EventType "team-tourn"]
[EventRounds "11"]
[EventCountry "GER"]
[SourceTitle "EXT 2007"]
[Source "ChessBase"]
[SourceDate "2006.11.23"]
[SourceVersion "1"]
[SourceVersionDate "2006.11.23"]
[SourceQuality "1"]
[WhiteTeam "Loeberitz"]
[BlackTeam "Ebersbach"]
[WhiteTeamCountry "GER"]
[BlackTeamCountry "GER"]

1. e4 e6 2. d4 d5 3. exd5 exd5 4. Bd3 c5 5. dxc5 Bxc5 6. Nf3 Nf6 7. 0-0 0-0 8. Nbd2 Nc6 9. Nb3 Bb6 10. Bg5 Qd6 11. c4 Bg4 12. c5 Bxc5 13. Bxf6 gxf6 14. Nxc5 Qxc5 15. h3 Bh5 16. Re1 Rfe8 17. g4 Bg6 18. Qd2 Ne5 19. Be2 Rac8 20. Nd4 Nd3 21. Bxd3 Qxd4 22. Rxe8+ Rxe8 23. Rd1 Bxd3 24. Qxd3 Re1+ 0-1

[Event "Oberliga Ost-A 0405"]
[White "Wuensch, Ulrich"]
[Black "Bilawer, Andreas"]
[Site "Germany"]
[Round "11.6"]
[Result "1/2-1/2"]
[Date "2005.04.10"]
[WhiteElo "2009"]
[BlackElo "2171"]
[PlyCount "35"]
[EventDate "2004.10.10"]
[EventType "team-tourn"]
[EventRounds "11"]
[EventCountry "GER"]
[SourceTitle "EXT 2006"]
[Source "ChessBase"]
[SourceDate "2005.11.24"]
[SourceVersion "1"]
[SourceVersionDate "2005.11.24"]
[SourceQuality "1"]
[WhiteTeam "Chemnitz II"]
[BlackTeam "Loeberitz"]
[WhiteTeamCountry "GER"]
[BlackTeamCountry "GER"]

1. d4 d5 2. Nf3 Nf6 3. e3 c6 4. c4 e6 5. Nc3 Bd6 6. Bd3 Nbd7 7. 0-0 0-0 8. b3 Qe7 9. Bb2 dxc4 10. bxc4 e5 11. Qc2 Re8 12. Ng5 Nf8 13. Nce4 Nxe4 14. Nxe4 Bc7 15. Ng3 Qh4 16. Nf5 Qh5 17. Ng3 Qh6 18. d5 1/2-1/2

[Event "Oberliga Ost-A 0405"]
[White "Bilawer, Andreas"]
[Black "Heinz, Juergen"]
[Site "Germany"]
[Round "10.6"]
[Result "1-0"]
[Date "2005.04.09"]
[WhiteElo "2171"]
[BlackElo "2240"]
[PlyCount "81"]
[EventDate "2004.10.10"]
[EventType "team-tourn"]
[EventRounds "11"]
[EventCountry "GER"]
[SourceTitle "EXT 2006"]
[Source "ChessBase"]
[SourceDate "2005.11.24"]
[SourceVersion "1"]
[SourceVersionDate "2005.11.24"]
[SourceQuality "1"]
[WhiteTeam "Loeberitz"]
[BlackTeam "Aue Nickelhuette"]
[WhiteTeamCountry "GER"]
[BlackTeamCountry "GER"]

1. e4 e5 2. Nf3 Nc6 3. d4 exd4 4. Nxd4 Bc5 5. Be3 Qf6 6. c3 Nge7 7. Bc4 a6 8. 0-0 Ne5 9. Be2 h5 10. f4 Ng4 11. Bxg4 hxg4 12. Qxg4 d5 13. Qg5 Qxg5 14. fxg5 Bd6 15. g3 Bh3 16. Rf2 0-0-0 17. Nd2 Rhe8 18. Rxf7 c5 19. N4b3 Nf5 20. Bxc5 dxe4 21. Nc4 Bxc5+ 22. Nxc5 Nd6 23. Nb6+ Kb8 24. Rxg7 e3 25. Re1 e2 26. Nbd7+ Ka7 27. Kf2 Bf1 28. Rxf1 exf1Q+ 29. Kxf1 Re3 30. Nf6 Re5 31. Ncd7 Nf5 32. Nxe5 Nxg7 33. Ned7 b5 34. h4 Kb7 35. g4 Kc6 36. h5 Kd6 37. h6 Ne8 38. h7 Nxf6 39. Nxf6 Ke6 40. Ng8 Rd1+ 41. Ke2 1-0

[Event "Oberliga Ost-A 0405"]
[White "Bilawer, Andreas"]
[Black "Strumpf, Erik"]
[Site "Germany"]
[Round "8.7"]
[Result "1-0"]
[Date "2005.01.30"]
[WhiteElo "2171"]
[BlackElo "2068"]
[PlyCount "71"]
[EventDate "2004.10.10"]
[EventType "team-tourn"]
[EventRounds "11"]
[EventCountry "GER"]
[SourceTitle "EXT 2006"]
[Source "ChessBase"]
[SourceDate "2005.11.24"]
[SourceVersion "1"]
[SourceVersionDate "2005.11.24"]
[SourceQuality "1"]
[WhiteTeam "Loeberitz"]
[BlackTeam "Magdeburg Aufbau Elbe"]
[WhiteTeamCountry "GER"]
[BlackTeamCountry "GER"]

1. e4 c5 2. Nf3 Nc6 3. d3 e6 4. g3 d5 5. Nbd2 Bd6 6. Bg2 Nf6 7. 0-0 0-0 8. Qe2 Bb8 9. Re1 b6 10. Nf1 d4 11. Ng5 e5 12. f4 b5 13. f5 a5 14. h4 Ba6 15. g4 Nd7 16. Ng3 c4 17. Nf3 Nc5 18. Bf1 Bd6 19. g5 g6 20. h5 Ra7 21. Nh2 Be7 22. Nf3 Rc7 23. Qh2 Bd6 24. Nh4 Ne7 25. Bd2 Nb7 26. Bh3 c3 27. bxc3 dxc3 28. Be3 Bc5 29. fxg6 Bxe3+ 30. Rxe3 Qd4 31. gxh7+ Kh8 32. Qf2 Rc6 33. g6 Qxe3 34. Qxe3 fxg6 35. Qh6 Rff6 36. Rf1 1-0